| 000 | 00907nam a2200277Ia 4500 | ||
|---|---|---|---|
| 003 | OSt | ||
| 005 | 20251106150134.0 | ||
| 008 | 210210b2007 xxu||||| |||| 00| 0 eng d | ||
| 040 | _cAL | ||
| 041 | _aKannada | ||
| 082 | _aK894.8 KANK | ||
| 100 |
_aTIRUMALESH (K V) _dತಿರುಮಲೇಶ್ (ಕೆ ವಿ) _9244382 |
||
| 245 |
_aKavya karana: adhunika kannada kavyada ondu parshvanota _bಕಾವ್ಯ ಕರಣ: ಆಧುನಿಕ ಕನ್ನಡ ಕಾವ್ಯದ ಒಂದು ಪಾರ್ಶ್ವನೋಟ |
||
| 260 |
_aHampi _bKannada Vishvavidyalaya Hampi _c2007 |
||
| 300 | _a322 | ||
| 650 |
_aparshvanota _9244383 |
||
| 650 |
_aondu _9244384 |
||
| 650 |
_akavyada _9244385 |
||
| 650 |
_aKavya _9244386 |
||
| 650 |
_akarana: _9244387 |
||
| 650 |
_akannada _9244388 |
||
| 650 |
_aadhunika _9244389 |
||
| 690 |
_aKannada Miscellaneous _9244390 |
||
| 906 | _a062629 | ||
| 942 |
_2ddc _cBK |
||
| 999 |
_c117859 _d117859 |
||